000
00224 a2200097 4500
001
19000
100
_a
A S M E
245
_a
Intruments & Apparatus Measurement of Time PT-12
260
_a
_b
A S M E
_c
090
_c
14079
_d
14079
942
_a
NUST-CAE
_c
M
_c
4535
999
_c
254073
_d
254073